[Event "Girona-chB"]
[Site "Girona"]
[Date "2004.??.??"]
[Round "5"]
[White "Mota Gasso, David"]
[Black "Ruhi Velasco, Enric"]
[Result "1-0"]
[WhiteElo "1785"]
[BlackElo "1730"]
[PlyCount "53"]
[EventDate "2004.??.??"]
[EventType "swiss"]
[EventRounds "9"]
[EventCountry "ESP"]
[SourceTitle "EXT 2007"]
[Source "ChessBase"]
[SourceDate "2006.11.23"]
[SourceVersion "1"]
[SourceVersionDate "2006.11.23"]
[SourceQuality "1"]

1. e4 e5 2. Nf3 Nc6 3. Bc4 Bc5 4. Nc3 Nf6 5. d3 0-0 6. Bg5 Be7 7. 0-0 d6 8. h3 Be6 9. Bb5 a6 10. Bxc6 bxc6 11. d4 Rb8 12. b3 exd4 13. Nxd4 d5 14. Nxc6 Qd7 15. Nxb8 Rxb8 16. exd5 Nxd5 17. Bxe7 Nxe7 18. Qxd7 Bxd7 19. Rfe1 Nc6 20. Nd5 Rb7 21. Ne7+ Kf8 22. Rad1 Nxe7 23. Rxd7 Rb8 24. Rexe7 Re8 25. Rxf7+ Kg8 26. Rxg7+ Kf8 27. Rdf7# 1-0